[Event "Fort Worth QCP op 3rd"]
[Site "Fort Worth"]
[Date "2020.07.19"]
[Round "5"]
[White "Smith, Alan Daniel"]
[Black "Bufford, Adley"]
[Result "0-1"]
[WhiteElo "1437"]
[BlackElo "1434"]
[PlyCount "36"]
[EventDate "2020.07.18"]
[EventType "swiss"]
[EventRounds "5"]
[EventCountry "USA"]
[SourceTitle "EXT 2021"]
[Source "ChessBase"]
[SourceDate "2020.10.23"]
[SourceVersion "1"]
[SourceVersionDate "2020.10.23"]
[SourceQuality "1"]

1. d4 c6 2. c4 d5 3. Nf3 Nf6 4. Nc3 dxc4 5. a4 Bf5 6. e3 Na6 7. Bxc4 Nb4 8. Bxf7+ Kxf7 9. Qb3+ e6 10. Ne5+ Ke8 11. 0-0 Bd6 12. f3 Nc2 13. Ra2 Qb6 14. Qc4 Bxe5 15. a5 Qb4 16. b3 Qxc4 17. bxc4 Nxd4 18. g4 Nxf3+ 0-1